000 00514nam a2200157Ia 4500
005 20250507134906.0
008 231217s9999 xx 000 0 und d
020 _a9780470262474
082 _a332.632042 FAB;1 R
100 _aFabozzi, Frank J. Focardi, Sergio M. Kolm, Peter N.
245 0 _aQuantitative equity investing : techniques and strategies
260 _c2010
_bJohn Wiley and sons
_aNew Jersey
300 _axvi, 511
650 _aQuantitative,equity,investing,techniques,strategies
942 _cAA
999 _c185651
_d185651